Chip Počítačový magazín

Na minha lista:
Detalhes bibliográficos
Formato: Periódico
Idioma:tcheco
Publicado em: Praha Müller 1994
Assuntos:
Tags: Adicionar Tag
Sem tags, seja o primeiro a adicionar uma tag!

MARC

LEADER 00000nas2a2200000 4500
001 s017924
005 20240109095853.8
022 |a 1210-0684 
041 0 |a cze 
044 |a CZ 
245 1 0 |a Chip  |b Počítačový magazín 
264 1 |a Praha  |b Müller  |c 1994 
300 |a 2 zv. 
773 0 |w eu_un_cat*s120051 
610 2 0 |a mikropočítače 
610 2 0 |a technika výpočtová 
610 2 0 |a jazyky programovacie 
610 2 0 |a hardvér 
610 2 0 |a softvér